000 00725nam a2200217Ia 4500
003 GCL
008 140319s9999 xx 000 0 ara d
040 _aGCL /
_cGCL
082 0 4 _a349.7
_bع م
100 1 _aعبدالغنى بسيونى عبدالله
245 1 0 _aمبدا المساواه امام القضاء وكفالة حق القاضى /
_cعبدالغنى بسيونى عبدالله
260 _a[S.N] :
_bمنشاة المعارف الاسلامية ،
_c1983
300 _a237 ص
490 _a
650 0 4 _aالقانون
650 0 4 _aمصر
650 0 4 _aفرنسا
650 0 4 _aالولايات المتحدة الامريكية
650 0 4 _aالقانون المقارن
942 _2ddc
_cBK
999 _c56075
_d56075